000 00714nam a22002297a 4500
005 20170124110158.0
010 _aA-516488
020 _c00.00
_a8185182671
035 _aA-516488
037 _bCen Lib/Ret
040 _aDPL
_bEN
082 _a128.4
_bMOH
100 _aMohanty, Saroj Kumar
_935553
245 _aThe concept of action :
_cby Saroj Kumar Mohanty
_ban analytical study /
260 _aNew Delhi
_bIndus Publishing
_c1992
270 _aFS-5, Tagore Garden
_bNew Delhi
_e1100027
300 _a163p.
_c21cm(Hb)
500 _aIncludes bibliographical references and index
650 _aAct (Philosophy)
_935554
650 _aCausation
_935555
942 _2ddc
_cEN
_h128.4
_mMOH
999 _c132721
_d132721